Propiedad horizontal (Registro nro. 158719)
[ vista simple ]
| 000 -LEADER | |
|---|---|
| fixed length control field | 01112ny a22002413n 4500 |
| 008 - FIXED-LENGTH DATA ELEMENTS--GENERAL INFORMATION | |
| fixed length control field | 080703s2005 sp s 000 0 spa c |
| 020 ## - INTERNATIONAL STANDARD BOOK NUMBER | |
| International Standard Book Number | 8497727924 |
| 035 ## - | |
| -- | 1382 |
| 040 ## - CATALOGING SOURCE | |
| Original cataloging agency | UMA.RE |
| Modifying agency | vlex |
| 080 ## - | |
| -- | 347.238.31(460)(0.034) |
| 090 ## - | |
| -- | 182 |
| -- | 182 |
| 100 1# - MAIN ENTRY--PERSONAL NAME | |
| Personal name | Muñoz García, Carmen |
| 245 10 - TITLE STATEMENT | |
| Title | Propiedad horizontal |
| Medium | [Recurso electrónico] |
| Remainder of title | sujetos obligados a la contribución de gastos generales / |
| Statement of responsibility, etc | Carmen Muñoz García |
| 256 ## - | |
| -- | Servicio en línea |
| 260 ## - PUBLICATION, DISTRIBUTION, ETC. (IMPRINT) | |
| Place of publication, distribution, etc | [Madrid] : |
| Name of publisher, distributor, etc | Dykinson, |
| Date of publication, distribution, etc | 2005 |
| 506 1# - RESTRICTIONS ON ACCESS NOTE | |
| Terms governing access | Contenido solo disponible en los productos indicados |
| Authorized users | vLex Global |
| -- | vLex Global (Academic Edition, excluding Law Schools) |
| -- | vLex Global (U.S. Academic Edition, Law Schools) |
| -- | vLex Global (U.S. Academic Edition, excluding Law Schools) |
| -- | vLex Global (Academic Edition, Law Schools) |
| 650 07 - SUBJECT ADDED ENTRY--TOPICAL TERM | |
| Source of heading or term | Tesauro vLex |
| Topical term or geographic name as entry element | Propiedad horizontal |
| 650 07 - SUBJECT ADDED ENTRY--TOPICAL TERM | |
| Source of heading or term | Tesauro vLex |
| Topical term or geographic name as entry element | Gastos comunes |
| 740 0# - | |
| -- | vLex Libros (Servicios en línea) |
| 856 40 - LOCALIZACIÓN Y ACCESO ELECTRÓNICO | |
| Identificador Uniforme del Recurso (URI/URL) | https://app.vlex.com/#/sources/sujetos-constribucion-gastos-generales-propiedad-horizontal-1382 |
| 942 ## - | |
| -- | RAA |
| 999 ## - | |
| -- | 158719 |
| -- | 158719 |
No hay ítems disponibles.